<?xml version="1.0" encoding="UTF-8"?>
<marc:record xmlns:marc="http://www.loc.gov/MARC21/slim">
   <marc:leader>00000nam a2200000 a 4500</marc:leader>
   <marc:datafield ind1="1" ind2=" " tag="100">
      <marc:subfield code="a">Pratchett, Terry</marc:subfield>
      <marc:subfield code="4">aut</marc:subfield>
      <marc:subfield code="e">Verfasser/-in</marc:subfield>
   </marc:datafield>
   <marc:datafield ind1=" " ind2=" " tag="653">
      <marc:subfield code="a">Humoristische Darstellung</marc:subfield>
   </marc:datafield>
   <marc:datafield ind1=" " ind2=" " tag="653">
      <marc:subfield code="a">Fußball &lt;Prosa&gt;</marc:subfield>
   </marc:datafield>
   <marc:datafield ind1=" " ind2=" " tag="653">
      <marc:subfield code="a">Zauberer</marc:subfield>
   </marc:datafield>
   <marc:datafield ind1=" " ind2=" " tag="653">
      <marc:subfield code="a">Satire</marc:subfield>
   </marc:datafield>
   <marc:datafield ind1=" " ind2=" " tag="653">
      <marc:subfield code="a">Fantasie</marc:subfield>
   </marc:datafield>
   <marc:datafield ind1="0" ind2="0" tag="245">
      <marc:subfield code="a">Unseen academicals</marc:subfield>
   </marc:datafield>
   <marc:datafield ind1="0" ind2="0" tag="245">
      <marc:subfield code="c">Terry Pratchett</marc:subfield>
   </marc:datafield>
   <marc:datafield ind1=" " ind2="1" tag="264">
      <marc:subfield code="a">London</marc:subfield>
      <marc:subfield code="b">Corgi Books</marc:subfield>
      <marc:subfield code="c">2010</marc:subfield>
   </marc:datafield>
   <marc:datafield ind1="1" ind2=" " tag="490">
      <marc:subfield code="a">Discworld novel</marc:subfield>
      <marc:subfield code="v">37</marc:subfield>
   </marc:datafield>
   <marc:datafield ind1="1" ind2=" " tag="520">
      <marc:subfield code="a">Discworld lives on in Unseen Academicals, the latest novel from Terry Pratchett. Delivering the trademark insight and humor readers the world over have come to expect from “the purely funniest English writer since Wodehouse” (Washington Post Book World), Unseen Academicals focuses on the wizards at Ankh-Morpork’s Unseen University, who are reknowned for many things—sagacity, magic, and their love of teatime—as they attempt to conquer athletics.&#xD;
&#xD;
Die Zauberer der Ungesehenen Universität schätzen ihre Mahlzeiten – aber wenn sie nicht bald ein Fußballspiel bestreiten verlieren sie das Recht auf das Einkommen aus einem Vermächtnis. 87.5% der äußerst "geringen" Lebensmittelausgaben zu verlieren würde bedeuten, lediglich 3 Mahlzeiten täglich zu haben – und Hände weg von der Käseplatte mit 107 Sorten! Ein Team muss also her. Nur leider ist Fußball inzwischen zu einem Spiel für Gewöhnliche Leute geworden, etwas das die Zauberer nun wirklich nicht sind.</marc:subfield>
   </marc:datafield>
   <marc:datafield ind1=" " ind2=" " tag="020">
      <marc:subfield code="a">9780552153379</marc:subfield>
      <marc:subfield code="9">9780552153379</marc:subfield>
   </marc:datafield>
   <marc:datafield ind1=" " ind2=" " tag="041">
      <marc:subfield code="a">eng</marc:subfield>
   </marc:datafield>
   <marc:datafield ind1="0" ind2=" " tag="490">
      <marc:subfield code="v">0</marc:subfield>
   </marc:datafield>
   <marc:datafield ind1=" " ind2=" " tag="300">
      <marc:subfield code="a">540 S.</marc:subfield>
   </marc:datafield>
</marc:record>
